Statystyki dla 15 państw, które produkują najwięcej oleju palmowego

Kliknij tutaj aby rozwiązać quiz!

Ogólne statystyki

  • Ten quiz został rozwiązany 65 razy
  • Średni wynik to 8 z 15

Statystyki odpowiedzi

TonyPaństwo% Poprawnych
0,2 mlnChiny
87%
0,3 mlnBrazylia
83%
29,2 mlnIndonezja
80%
1,1 mlnKolumbia
76%
19,6 mlnMalezja
74%
0,3 mlnEkwador
63%
1,8 mlnTajlandia
63%
0,5 mlnPapua-Nowa Gwinea
44%
0,9 mlnNigeria
43%
0,3 mlnKostaryka
39%
0,4 mlnHonduras
33%
0,4 mlnGwatemala
31%
0,2 mlnKamerun
28%
0,3 mlnWybrzeże Kości Słoniowej
22%
0,3 mlnDem Rep Konga
2%

Rozkład punktacji

Percentyl według liczby udzielonych odpowiedzi

Procent ludzi z każdym wynikiem

Twoja historia wyników

Nie rozwiązałeś tego quizu